Дело о заключении контракта с коллежским советником Красовским на поставку сена и соломы для театрально-экипажного заведения с 1...

Доступно только в Электронных читальных залах Найти на картеНа карте
RUSMARC
00003822nmc2a22002413x 450
001a7103185-b50e-461d-ac85-94f7d00b91af
00520210217221623.0
100##$a20201111l18961897k l0rusy0189 ca
1010#$arus
102##$aRU
105##$ay###
1222#$ad
2001#$aДело о заключении контракта с коллежским советником Красовским на поставку сена и соломы для театрально-экипажного заведения с 1 октября 1896 года по 1 октября 1897 года
$j8 октября 1896 г. - 6 октября 1897 г.
215##$a9 л.
$d36,5х26 см
251##$cДело
300##$aНа бланке обложки указано: "Дело хозяйственного отделения Санкт-Петербургской конторы императорских театров"
371##$aДокумент не является опубликованным и широко распространяемым
461#0$10019264ebf8-de62-4f1a-9eb4-9f22098dbbd5
$12001
$aДирекция императорских театров МИДв
$1251
$cФонд
$1852
$j497
462#0$100157374a90-53af-4386-b127-820db06313ee
$12001
$aДела хозяйственной части Дирекции императорских театров
$1251
$cОпись
$1852
$j9
801#0$aRU
$bРГИА
$c20201111
$gRCR
801#1$aRU
$bГлавНИВЦ
$c20201111
$2rusmarc
801#2$aRU
$bПБ им. Б.Н. Ельцина
$c20210217
$gRCR
$2rusmarc
850##$aРГИА
852##$aРГИА
$eФедеральное казенное учреждение "Российский государственный исторический архив" (РГИА)
$j173
937##$hРГИА
$d12353151
$aASBIBLIO_SCAN
035##$aRusGRCC00016083
856##$uhttp://readingroom.main.prlib.ru/item.aspx?id_node=n157431147&mode=full
Формат отображения